000 00512nam a2200193Ia 4500
003 OSt
005 20251210093238.0
008 210210b1984 xxu||||| |||| 00| 0 eng d
040 _cAL
041 _aeng
082 _a305 OOMS
100 _aOomen T K
_9248565
245 _aSocial structure and politics
_b : studies in independent India
260 _aDelhi
_bHindustan Publishing Corporation (India)
_c1984
300 _axii,236p
690 _aSocial Structure
_9248566
906 _a037801
942 _2ddc
_cBK
999 _c87899
_d87899